000 00697cab a2200241 4500
001 WB2929-15
008 090401t1993 xxu||||| |||| 00| 0 eng d
035 _a(Sirsi) u37116
041 _aeng
245 _aWell-off inherit £35bn bonanza
260 _c1993
350 _a0
490 _aSunday Times
_v25 July 1993, 7
490 _aObserver
_v25 July 1993, 21(1)
520 _aMorgan Grenfell predicts that the value of inherited property will reach £35bn over the next two decades. Graph.
650 _aHOME OWNERSHIP
650 _aINHERITED PROPERTY
650 _aINHERITED WEALTH
650 _aSTATISTICS
690 _aECONOMIC AND SOCIAL
942 _n0
948 _c04/03/1997
999 _c24013
_d24013